Zawodnicy Wybrzeża Gdańsk (żużel) w latach 2011-2024 - Statystyki

Ogólne statystyki
  • Ten quiz został rozwiązany 75 razy
  • Średni wynik to 36 z 82
Statystyki odpowiedzi
Podpowiedź Odpowiedź % Poprawnych
Polska 2011-2014, 2019-2021 Krystian Pieszczek
94%
Dania 2012 Nicki Pedersen
88%
Dania 2023 Michael Jepsen Jensen
86%
Dania 2020-2022 Rasmus Jensen
86%
Dania 2016-2018 Anders Thomsen
82%
Dania 2024 Niels Kristian Iversen
82%
Polska 2022-2024 Miłosz Wysocki
80%
Polska 2024 Krzysztof Kasprzak
76%
Finlandia 2022 Timo Lahti
76%
Rosja 2021 Wiktor Kułakow
76%
Dania 2018 Mikkel Michelsen
73%
Dania 2023-2024 Nicolai Klindt
73%
Polska 2022, 2024 Adrian Gała
71%
Polska 2023 Daniel Kaczmarek
69%
Australia 2011 Darcy Ward
69%
Rosja 2011-2017 Renat Gafurow
69%
Wielka Brytania 2024 Tom Brennan
69%
Szwecja 2014 Fredrik Lindgren
67%
Dania 2017-2020 Mikkel Bech Jensen
63%
Dania 2023 Mads Hansen
61%
Polska 2016-2018 Oskar Fajfer
61%
Polska 2013 Adrian Gomólski
59%
Polska 2017, 2019-2020 Kacper Gomólski
59%
Australia 2017 Troy Batchelor
59%
Polska 2024 Eryk Kamiński
57%
Dania 2014 Leon Madsen
55%
Australia 2024 Josh Pickering
53%
Szwecja 2011, 2015-2016 Magnus Zetterstrom
53%
Szwecja 2011-2014 Thomas Jonasson
53%
Australia 2023 Keynan Rew
51%
Polska 2021-2022 Jakub Jamróg
49%
Łotwa 2012 Maksim Bogdanow
49%
Dania 2020 Peter Kildemand
47%
Polska 2014 Cyprian Szymko
45%
Polska 2011-2015 Marcel Szymko
45%
Polska 2014 Artur Mroczka
43%
Polska 2023-2024 Bartosz Tyburski
43%
Szwecja 2019-2020 Jacob Thorssell
43%
Polska 2018-2020, 2022 Karol Żupiński
43%
Polska 2013-2018 Dominik Kossakowski
41%
Polska 2022 Wiktor Trofimow
41%
Nowa Zelandia 2019 Bradley Wilson-Dean
39%
Polska 2012 Tomasz Chrzanowski
39%
Polska 2020-2021 Alan Szczotka
37%
Polska 2020-2022 Piotr Gryszpiński
37%
Polska 2019 Adrian Cyfer
35%
Polska 2024 Bartosz Głogowski
35%
Szwecja 2016-2017 Linus Sundstrom
35%
Niemcy 2021 Lukas Fienhage
35%
Polska 2018 Michał Szczepaniak
35%
Polska 2011-2012, 2015-2016 Kamil Brzozowski
33%
Polska 2022 Kamil Marciniec
33%
Polska 2020 Robert Chmiel
33%
Czechy 2015-2016 Eduard Krcmar
31%
Polska 2024 Mateusz Tonder
31%
Polska 2021 Michał Gruchalski
31%
Polska 2017 Hubert Łęgowik
29%
Polska 2023 Seweryn Orgacki
29%
Polska 2014-2017 Aureliusz Bieliński
27%
Wielka Brytania 2021 Drew Kemp
27%
Polska 2012 Piotr Świderski
27%
Polska 2011, 2015 Damian Sperz
24%
Polska 2011, 2013 Dawid Stachyra
24%
Polska 2013, 2015-2016 Krzysztof Jabłoński
24%
Polska 2019 Denis Zieliński
22%
Szwecja 2019 Kim Nilsson
22%
Szwecja 2011 Mikael Max
22%
Polska 2023 Norbert Kościuch
20%
Polska 2013-2016, 2018 Patryk Beśko
20%
Polska 2012 Zbigniew Suchecki
20%
Polska 2011 Paweł Hlib
18%
Dania 2022 Thomas Jorgensen
18%
Polska 2022 Marcel Krzykowski
16%
Polska 2017-2018 Marcin Turowski
16%
Rosja 2021 Aleksandr Kajbuszew
14%
Dania 2018 Patrick Hougaard
14%
Polska 2021 Amadeusz Szulist
12%
Polska 2016 Dawid Wawrzyniak
12%
Polska 2013 Robert Miśkowiak
12%
Szwecja 2019 Joel Kling
10%
Szwecja 2013 Mathias Thornblom
10%
Polska 2015 Łukasz Sówka
6%
Nie znaleziono quizów pasujących do podanych kryteriów
Rozkład punktacji
Procent ludzi z każdym wynikiem
Percentyl według liczby udzielonych odpowiedzi
Twoja historia wyników
Nie rozwiązałeś tego quizu